Informačný panel pre Visual Basic generické programovanie

Bibliographic Details
Main Author: Hanák, Ján, 1982- (Author)
Format: Article
Language:Slovak
PhysicalDescription:Sch.
ISSN:1335-4787
Subjects:

MARC

LEADER 00000nab a2200000 a 4500
001 vtls008181731
003 SK-MaSNL
005 20260304210715.0
008 250505c2005 xo mr|p|||||||000 b|slo
015 |a SNBRB2005/06  |2 snkbucl 
035 |a (sysno)vtls008181731 
035 |a urn:nbn:sk:snk-ab6hxz 
035 |a (uuid)374bd672-8299-429e-a051-44af9962c170 
035 |a (urnnbn)urn:nbn:sk:snk:ar-0038sb 
038 |a SNKBUCL 
040 |a SNKBUCL  |b slo  |c SNKBUCL  |e AACR2 
041 0 |a slo 
044 |a xo  |c SK 
080 |a 004.42Visual Studio  |2 1997 
080 |a 004.438Visual Basic  |2 1997 
080 |a 004.415  |2 1997 
100 1 |a Hanák, Ján,  |d 1982-  |4 aut  |9 251269 
245 1 0 |a Informačný panel pre Visual Basic  |b generické programovanie  |c Ján Hanák 
300 |b Sch. 
630 0 7 |a Microsoft Visual Basic  |2 snkbucl  |9 1542156 
630 0 7 |a Microsoft Visual Studio 2005 Beta 1  |2 snkbucl  |9 1542151 
650 0 7 |a programovanie  |2 snkbucl  |9 22041 
650 0 7 |a programovacie jazyky  |2 snkbucl  |9 1838 
650 0 7 |a softvér  |2 snkbucl  |9 1223 
650 0 7 |a vývoj softvéru  |2 snkbucl  |9 73853 
773 0 |t Infoware  |g Č. marec (2005), s. 41  |x 1335-4787 
850 |a Slovenská národná knižnica 
852 |a Slovenská národná knižnica 
954 |a odborná, vedecká literatúra pôvodná (slovenská)  |2 lita 
958 |a article2022 
958 |a OND 
958 |a EUIPO 
999 |c 3127213  |d 3129143